Tax shelters /

Bibliographic Details
Corporate Author: United States. Internal Revenue Service
Other Authors: Schapiro, Ruth G.
Format: Book
Language:English
Published: New York : Practising Law Institute, 1980.
Edition:2nd ed.
Subjects:

MARC

Tag First Indicator Second Indicator Subfields
LEADER 00000cam a2200000 a 4500
001 in00000084377
005 20151008061344.0
008 801208s1980 nyu b 00100 engm
010 |a  80081333  
035 |a (OCoLC)07176625 
035 |9 AAJ7876AM 
040 |a DLC  |c DLC  |d m.c.  |d TXA  |d UtOrBLW 
043 |a n-us--- 
049 |a TXAM  |c [933408] 
050 0 0 |a KF6297.5  |b .T39 1980 
082 0 |a 343.7305/23  |2 19 
245 0 0 |a Tax shelters /  |c edited by Ruth G. Schapiro. 
250 |a 2nd ed. 
264 1 |a New York :  |b Practising Law Institute,  |c 1980. 
300 |a xi, 425 pages ;  |c 24 cm. 
336 |a text  |b txt  |2 rdacontent 
337 |a unmediated  |b n  |2 rdamedia 
338 |a volume  |b nc  |2 rdacarrier 
500 |a Edition for 1977 published under title: Tax shelters after tax reform. 
500 |a "J1-1430." 
500 |a "Appendix: Internal Revenue Service, Examination tax shelters manual": pages 295-405. 
504 |a Includes bibliographical references and index. 
650 0 |a Tax shelters  |x Law and legislation  |z United States. 
700 1 |a Schapiro, Ruth G. 
710 1 2 |a United States.  |b Internal Revenue Service.  |t Examination tax shelters manual. 1980. 
999 |a MARS 
999 f f |s ba9f5088-57c7-363f-a1dd-1cd70d29b998  |i 1bc6b6b9-51bb-3e02-a12f-18491a0647ca  |t 0 
952 f f |p ric  |a Texas A&M University  |b Rellis Campus  |c Joint Library Facility  |d Remote Storage  |t 0  |e KF6297.5 .T39 1980  |h Library of Congress classification  |i unmediated -- volume  |m A14806156717 
998 f f |a KF6297.5 .T39 1980  |t 0  |l Remote Storage